|
|
|
|
| LEADER |
00000nab a2200000uu 4500 |
| 001 |
vtls010889296 |
| 003 |
SK-MaSNL |
| 005 |
20260303105943.0 |
| 008 |
230121|1968 xo |||||||||||||||||slo| |
| 015 |
|
|
|a SNBRB
|
| 035 |
|
|
|a (urnnbn)urn:nbn:sk:snk:ar-004wvr
|
| 035 |
|
|
|a (uuid)4ee1f92e-fcb8-4f03-9f7f-755ccc00efb3
|
| 035 |
|
|
|a urn:nbn:sk:snk-ab8jll
|
| 040 |
|
|
|a SNKBUCL
|b slo
|c SNKBUCL
|e AACR2
|
| 041 |
0 |
|
|a slo
|
| 044 |
|
|
|a xo
|c SK
|
| 100 |
1 |
|
|a Ľ. J.
|4 aut
|9 470583
|
| 245 |
1 |
0 |
|a VLASTIVEDNÝ SBORNÍK HORNÁ NITRA III.
|c Ľ. J.
|
| 773 |
0 |
|
|t Historický časopis
|g Roč. 16, č. 2 (1968), s. 287-288
|
| 954 |
|
|
|a odborná, vedecká literatúra pôvodná (slovenská)
|2 lita
|
| 958 |
|
|
|a OND
|
| 958 |
|
|
|a EUIPO
|
| 958 |
|
|
|a article10
|
| 999 |
|
|
|c 1866813
|d 1868743
|